Polskie kluby piłkarskie (do III ligi) - Statystyki

Ogólne statystyki
  • Ten quiz został rozwiązany 64 razy
  • Średni wynik to 64 z 126
Statystyki odpowiedzi
Hint Odpowiedź % Poprawnych
Ekstraklasa Lech Poznań
98%
Ekstraklasa Legia Warszawa
98%
Ekstraklasa Górnik Zabrze
95%
Ekstraklasa Jagiellonia Białystok
95%
Ekstraklasa Lechia Gdańsk
95%
Ekstraklasa Śląsk Wrocław
95%
Ekstraklasa Zagłebię Lubin
95%
Ekstraklasa Cracovia Kraków
93%
Ekstraklasa GKS Katowice
93%
Ekstraklasa Motor Lublin
93%
Ekstraklasa Pogoń Szczecin
93%
Ekstraklasa Widzew Łódź
93%
I liga Wisła Kraków
93%
I liga Arka Gdynia
90%
Ekstraklasa Puszcza Niepołomice
90%
I liga Odra Opole
88%
Ekstraklasa Radomiak Radom
88%
Ekstraklasa Raków Częstochowa
88%
I liga Ruch Chorzów
88%
Ekstraklasa Stal Mielec
88%
I liga Warta Poznań
88%
Ekstraklasa Korona Kielce
85%
I liga ŁKS Łódż
85%
Ekstraklasa Piast Gliwice
85%
I liga Polonia Warszawa
85%
I liga Stal Rzeszów
83%
II liga Resovia Rzeszów
80%
I liga Stal Stalowa Wola
80%
II liga Zagłębie Sosnowiec
80%
I liga Wisła Płock
78%
II liga Polonia Bytom
76%
III liga (grupa II) Zawisza Bydoszcz
76%
I liga Bruk-Bet Termalica Nieciecza
73%
I liga Miedź Legnica
73%
III liga (grupa I) Stomil Olsztyn
73%
III liga (grupa II) Elana Toruń
71%
II liga Hutnik Kraków
71%
I liga Kotwica Kołobrzeg
71%
II liga Wieczysta Kraków
71%
II liga KKS Kalisz
68%
I liga Znicz Pruszków
68%
II liga Podbeskidzie Bielsko-Biała
66%
III liga (grupa IV) Sandecja Nowy Sącz
66%
II liga Chojniczanka Chojnice
63%
I liga Chrobry Głogów
63%
I liga Górnik Łęczna
63%
I liga Pogoń Siedlce
63%
I liga GKS Tychy
61%
III liga (grupa III) Lechia Zielona Góra
61%
II liga Olimpia Elbląg
61%
III liga (grupa I) Legia II Warszawa
56%
II liga Olimpia Grudziądz
56%
III liga (grupa I) GKS Bełchatów
54%
III liga (grupa IV) KSZO Ostrowiec Świętokrzyski
54%
III liga (grupa II) Lech II Poznań
54%
II liga Pogoń Grodzisk Mazowiecki
54%
III liga (grupa IV) Siarka Tarnobrzeg
54%
III liga (grupa III) Śląsk II Wrocław
54%
II liga Skra Częstochowa
51%
III liga (grupa I) Unia Skierniewice
51%
III liga (grupa IV) Unia Tarnów
51%
III liga (grupa I) Wigry Suwałki
51%
II liga Zagłębie II Lubin
51%
II liga ŁKS II Łódź
49%
II liga Rekord Bielsko-Biała
49%
II liga GKS Jastrzębie
46%
II liga Świt Skolwin
46%
II liga Wisła Puławy
46%
III liga (grupa II) Flota Świnoujście
44%
III liga (grupa III) Górnik Polkowice
44%
III liga (grupa I) Jagiellonia II Białystok
44%
III liga (grupa I) ŁKS Łomża
44%
III liga (grupa I) Broń Radom
41%
III liga (grupa IV) Avia Świdnik
39%
III liga (grupa III) Ślęza Wrocław
39%
III liga (grupa IV) WIsłoka Dębica
39%
III liga (grupa II) Błękitni Stargard
37%
III liga (grupa IV) Star Starachowice
37%
III liga (grupa III) Stilon Gorzów Wielkopolski
37%
III liga (grupa II) Gryf Słupsk
34%
III liga (grupa I) Lechia Tomaszów Mazowiecki
34%
III liga (grupa I) Świt Nowy Dwór Mazowiecki
34%
III liga (grupa III) Górnik II Zabrze
32%
III liga (grupa I) Pelikan Łowicz
32%
III liga (grupa IV) Podhale Nowy Targ
32%
III liga (grupa II) Unia Swarzędz
32%
III liga (grupa IV) Wisła II Kraków
32%
III liga (grupa IV) Korona II Kielce
29%
III liga (grupa III) MKS Kluczbork
29%
III liga (grupa II) Pogoń II Szczecin
29%
III liga (grupa I) Warta Sieradz
29%
III liga (grupa IV) Chełmianka Chełm
27%
III liga (grupa III) Miedź II Legnica
27%
III liga (grupa I) Mławianka Mława
27%
III liga (grupa I) Victoria Sulejówek
27%
III liga (grupa III) Carina Gubin
24%
III liga (grupa II) Polonia Środa Wielkopolska
24%
III liga (grupa I) Sokół Aleksandrów Łódzki
24%
III liga (grupa I) Wisła II Płock
24%
III liga (grupa I) GKS Wikielec
22%
III liga (grupa III) Karkonosze Jelenia Góra
22%
III liga (grupa IV) Podlasie Biała Podlaska
22%
III liga (grupa III) LKS Goczałkowice Zdrój
20%
III liga (grupa III) Stal Brzeg
20%
III liga (grupa II) Vineta Wolin
20%
III liga (grupa II) Cartusia Kartuzy
17%
III liga (grupa II) Gedania Gdańsk
17%
III liga (grupa III) Warta Gorzów
17%
III liga (grupa II) Wda Świecie
17%
III liga (grupa IV) Czarni Połaniec
15%
III liga (grupa III) Podlesianka Katowice
15%
III liga (grupa II) Sokół Kleczew
15%
III liga (grupa IV) Świdniczanka Świdnik
15%
III liga (grupa III) Unia Turza Śląska
15%
III liga (grupa III) Odra Bytom Odrzański
12%
III liga (grupa III) Pniówek-74 Pawłowice
12%
III liga (grupa II) Pogoń Nowe Skalmierzyce
12%
III liga (grupa IV) Pogoń-Sokół Lubaczów
12%
III liga (grupa I) Polonia Lidzbark Warmiński
12%
III liga (grupa IV) Wiślanie Skawina
12%
III liga (grupa II) Wybrzeże Rewalskie
12%
III liga (grupa IV) KS Wiązownica
10%
III liga (grupa II) Noteć Czarnków
7%
III liga (grupa III) Polonia Słubice
7%
III liga (grupa IV) Lewart Lubartów
5%
III liga (grupa II) Wikęd Luzino
5%
Nie znaleziono quizów pasujących do podanych kryteriów
Rozkład punktacji
Procent ludzi z każdym wynikiem
Percentyl według liczby udzielonych odpowiedzi
Twoja historia wyników
Nie rozwiązałeś tego quizu